[Event "RUS-ch Men Blitz 2019"]
[Site "Sochi"]
[Date "2019.10.17"]
[Round "2.25"]
[White "Drygalov, Andrey"]
[Black "Dashko, Andrey"]
[Result "1-0"]
[WhiteElo "2484"]
[BlackElo "2219"]
[Annotator "TA"]
[PlyCount "87"]
[EventDate "2019.10.17"]
[EventType "swiss"]
[EventCountry "RUS"]
[SourceTitle "playchess.com"]
[Source "ChessBase"]
[SourceQuality "1"]

{[%evp 13,157,26,50,56,57,46,47,56,55,45,49,45,39,41,37,34,37,43,34,35,79,33,34,41,61,43,103,78,77,57,82,72,73,87,74,69,89,75,59,14,25,12,50,-13,0,-60,-66,-117,-84,-127,0,-115,-68,-135,-148,-137,111,0,-4,-127,-100,-101,4,0,73,73,199,201,214,214,206,214,410,410,401,401,375,302,264,233,235,234,270,270,262,224,240,216,215,170,342,231,346,290,520,527,514,512,511,511,440,440,486,412,382,378,693,631,773,693,670,639,545,284,1146,935,12837,12839,12842,12841,12842,12839,12848,12848,12849,12842,12842,12843,12844,12839,12847,12847,12848,12847,12848,12844,12848,12848,12850,12850,12850,27999,27999,27999,27999,27999]} 1. e4 c5 2. Nf3 e6 3. d4 cxd4 4. Nxd4 a6 5. c4 Qc7 6. Nc3 Nf6 7. a3 d6 8. Be2 {B41: Sicilian: Kan Variation: 5 c4} Be7 9. O-O O-O 10. Be3 {White is slightly better.} Nbd7 11. f3 b6 12. Qd2 Bb7 13. Rac1 Rac8 14. b4 Qb8 15. Rfd1 {[#]} Ne5 $146 ({Predecessor:} 15... Bd8 16. Kh1 Re8 17. Bg1 Bc7 18. Rb1 h5 19. Qe1 {½-½ (95) Nepomniachtchi,I (2714)-Kamsky,G (2683) Sochi 2015}) 16. Na4 Nfd7 17. Bf1 Rfd8 18. Qf2 Bf8 19. Nb3 b5 (19... Nxc4 $1 $14 20. Bxc4 (20. Rxc4 Rxc4 21. Bxc4 b5 $14 {[%mdl 64] Double Attack}) 20... b5) 20. cxb5 axb5 {Hoping for ...Rxc1.} 21. Bxb5 Rxc1 $1 22. Nxc1 d5 23. exd5 Bxd5 24. Nc3 Nf6 25. Be2 Qa8 26. Nb5 ({Much worse is} 26. Nxd5 Rxd5 27. Nd3 Nxd3 $15) 26... Rc8 27. Bd4 Ned7 28. Qg3 (28. Qe3 $14) 28... Qa4 29. Qe1 ({White should play} 29. Re1 $11) 29... Bc4 $1 $15 {And now ...Qxb5 would win.} 30. Na7 (30. Nd6 $15 Bxd6 31. Bxf6) 30... Bxe2 31. Nxe2 Rc2 (31... Rc7 $17 32. Kh1 Rxa7) 32. b5 (32. Rc1 $11) 32... Qxa3 {...e5 is the strong threat.} ({But not} 32... Bxa3 $6 33. Bxf6 Qxa7+ 34. Bd4 $11) 33. b6 (33. Kh1 $15) 33... Qa2 $17 34. Kf1 Nc5 $2 {[#]} (34... Nd5 $17 {stays on course. White must now prevent ...Bb4.} 35. Nb5 Qc4) 35. Ra1 (35. Bxf6 $1 $16 gxf6 36. Nc6 Rxe2 37. Qxe2) 35... Qc4 $11 {aiming for ...Nd3.} 36. Rc1 (36. Nc6 $11 {was the only way to keep the balance.} Nd5 37. Ne5) 36... Rxc1 37. Qxc1 Qxc1+ (37... Qb4 $17 38. Qb2 Qa4) 38. Nxc1 Nb7 {[#]} (38... Nd5 $11 {keeps the balance.}) 39. Nb3 $1 $16 Nd5 (39... Nd7 $16 {was worth a try.}) 40. Nc6 $18 f6 41. Nca5 Nxa5 42. Nxa5 {[%mdl 4096] Endgame KBN-KBN} e5 $2 (42... Bd6 43. h3 e5) 43. b7 Bd6 {[#]} 44. Ba7 {Played: Bd4-c5} 1-0

[Event "RUS-ch Men Blitz 2019"]
[Site "Sochi"]
[Date "2019.10.17"]
[Round "2.26"]
[White "Lugovskoy, Maxim"]
[Black "Nazaryev, Sergey"]
[Result "1-0"]
[WhiteElo "2436"]
[BlackElo "2270"]
[Annotator "NA"]
[PlyCount "55"]
[EventDate "2019.10.17"]
[EventType "swiss"]
[EventCountry "RUS"]
[SourceTitle "playchess.com"]
[Source "ChessBase"]
[SourceQuality "1"]
[TimeControl "180+2"]

1. d4 {[%emt 0:00:05]} Nf6 {[%emt 0:00:00]} 2. Nc3 {[%emt 0:00:03]} d5 {[%emt 0:00:03]} 3. Bf4 {[%emt 0:00:02]} c6 {[%emt 0:00:04]} 4. e3 {[%emt 0:00:01]} Bf5 {[%emt 0:00:01]} 5. f3 {[%emt 0:00:00]} e6 {[%emt 0:00:07]} 6. g4 {[%emt 0:00:01]} Bg6 {[%emt 0:00:01]} 7. h4 {[%emt 0:00:01]} h5 {[%emt 0:00:05]} 8. g5 {[%emt 0:00:00]} Nfd7 {[%emt 0:00:01]} 9. Nge2 {[%emt 0:00:11]} Qb6 {[%emt 0:00:03]} 10. Rb1 c5 11. Bh3 {[%emt 0:00:06]} Nc6 {[%emt 0:00:07]} 12. Bg3 {[%emt 0:00:02]} cxd4 {[%emt 0:00:28]} 13. exd4 {[%emt 0:00:01]} Nb4 {[%emt 0:00:00]} 14. Rc1 {[%emt 0:00:05]} Bd6 {[%emt 0:00:01]} 15. Bf4 {[%emt 0:00:20]} Bxf4 {[%emt 0:00:32]} 16. Nxf4 {[%emt 0:00:01]} Bxc2 {[%emt 0:00:01]} 17. Qd2 {[%emt 0:00:21]} Qd6 {[%emt 0:00:29]} 18. O-O {[%emt 0:00:09]} O-O {[%emt 0:00:49]} 19. a3 {[%emt 0:00:01]} Nd3 {[%emt 0:00:01]} 20. Nxd3 {[%emt 0:00:05]} Qg3+ {[%emt 0:00:03]} 21. Bg2 {[%emt 0:00:03]} Bxd3 22. Qxd3 {[%emt 0:00:03]} Qxh4 {[%emt 0:00:02]} 23. f4 {[%emt 0:00:04]} f6 {[%emt 0:00:12]} 24. Qh3 {[%emt 0:00:07]} Qxh3 {[%emt 0:00:10]} 25. Bxh3 {[%emt 0:00:01]} f5 {[%emt 0:00:01]} 26. Rfe1 {[%emt 0:00:04]} Kf7 {[%emt 0:00:09]} 27. Nb5 {[%emt 0:00:04]} Ke7 {[%emt 0:00:10]} 28. Nc7 {[%emt 0:00:02]} 1-0

[Event "RUS-ch Men Blitz 2019"]
[Site "Sochi"]
[Date "2019.10.20"]
[Round "2.27"]
[White "Rozhko, Dmitry"]
[Black "Potapov, Pavel"]
[Result "1-0"]
[WhiteElo "2305"]
[BlackElo "2489"]
[Annotator "ChessBase"]
[PlyCount "153"]
[EventDate "2019.10.17"]
[EventType "swiss"]
[EventCountry "RUS"]
[SourceTitle "playchess.com"]
[Source "ChessBase"]
[SourceQuality "1"]
[TimeControl "180+2"]

1. d4 {[%emt 0:00:00]} f5 {[%emt 0:00:00]} 2. g3 {[%emt 0:00:00]} Nf6 {[%emt 0:00:00]} 3. Bg2 {[%emt 0:00:00]} g6 {[%emt 0:00:01]} 4. Nh3 {[%emt 0:00:01]} d6 {[%emt 0:00:01]} 5. Nf4 {[%emt 0:00:02]} c6 {[%emt 0:00:05]} 6. h4 {[%emt 0:00:02]} e5 {[%emt 0:00:01]} 7. dxe5 {[%emt 0:00:02]} dxe5 {[%emt 0:00:01]} 8. Qxd8+ {[%emt 0:00:01]} Kxd8 {[%emt 0:00:02]} 9. Nd3 {[%emt 0:00:03]} e4 {[%emt 0:00:01]} 10. Nf4 {[%emt 0:00:05]} Kc7 {[%emt 0:00:08]} 11. Bd2 {[%emt 0:00:04]} Bd6 {[%emt 0:00:14]} 12. Bc3 {[%emt 0:00:05]} Rf8 {[%emt 0:00:01]} 13. Nd2 {[%emt 0:00:04]} b5 {[%emt 0:00:08]} 14. a3 {[%emt 0:00:08]} a5 {[%emt 0:00:03]} 15. Nb3 {[%emt 0:00:12]} a4 {[%emt 0:00:06]} 16. Nd4 {[%emt 0:00:02]} Bxf4 {[%emt 0:00:19]} 17. gxf4 {[%emt 0:00:02]} Nd5 {[%emt 0:00:03]} 18. e3 {[%emt 0:00:09]} Bd7 {[%emt 0:00:17]} 19. h5 {[%emt 0:00:01]} Na6 {[%emt 0:00:09]} 20. O-O-O {[%emt 0:00:23]} Nxc3 {[%emt 0:00:16]} 21. bxc3 {[%emt 0:00:01]} c5 {[%emt 0:00:01]} 22. Ne2 {[%emt 0:00:07]} Rf7 {[%emt 0:00:12]} 23. Rd2 {[%emt 0:00:08]} Bc6 {[%emt 0:00:06]} 24. hxg6 {[%emt 0:00:09]} hxg6 {[%emt 0:00:01]} 25. Rh6 {[%emt 0:00:02]} Rg8 {[%emt 0:00:05]} 26. Ng3 {[%emt 0:00:15]} Nb8 {[%emt 0:00:04]} 27. Bf1 {[%emt 0:00:05]} c4 {[%emt 0:00:15]} 28. Ne2 {[%emt 0:00:09]} Nd7 {[%emt 0:00:12]} 29. Nd4 {[%emt 0:00:02]} Nf6 {[%emt 0:00:12]} 30. Ne6+ {[%emt 0:00:18]} Kb6 {[%emt 0:00:12]} 31. Be2 {[%emt 0:00:02]} Rd7 {[%emt 0:00:09]} 32. Rxd7 {[%emt 0:00:22]} Bxd7 {[%emt 0:00:03]} 33. Nd4 {[%emt 0:00:01]} Kc7 {[%emt 0:00:03]} 34. f3 {[%emt 0:00:05]} exf3 {[%emt 0:00:13]} 35. Bxf3 {[%emt 0:00:02]} Kd6 {[%emt 0:00:03]} 36. Kd2 {[%emt 0:00:23]} Ke7 {[%emt 0:00:04]} 37. Ke2 {[%emt 0:00:03]} Kf7 {[%emt 0:00:04]} 38. Rh1 {[%emt 0:00:07]} Rb8 {[%emt 0:00:06]} 39. Bc6 {[%emt 0:00:06]} Bxc6 {[%emt 0:00:06]} 40. Nxc6 {[%emt 0:00:01]} Rb6 {[%emt 0:00:04]} 41. Ne5+ {[%emt 0:00:04]} Kg7 {[%emt 0:00:01]} 42. Rg1 {[%emt 0:00:03]} Ne4 {[%emt 0:00:02]} 43. Nf3 {[%emt 0:00:10]} Nxc3+ {[%emt 0:00:02]} 44. Kd2 {[%emt 0:00:04]} Ne4+ {[%emt 0:00:03]} 45. Ke2 {[%emt 0:00:02]} Rd6 {[%emt 0:00:04]} 46. Nd4 {[%emt 0:00:01]} Rd5 {[%emt 0:00:01]} 47. Rc1 {[%emt 0:00:07]} Kf6 {[%emt 0:00:01]} 48. Rg1 {[%emt 0:00:04]} Kg7 {[%emt 0:00:03]} 49. Kf3 {[%emt 0:00:02]} Kf6 {[%emt 0:00:02]} 50. Rh1 {[%emt 0:00:01]} Kg7 {[%emt 0:00:02]} 51. Rh2 {[%emt 0:00:01]} Nf6 {[%emt 0:00:04]} 52. Rh1 {[%emt 0:00:02]} Ne4 {[%emt 0:00:01]} 53. Rg1 {[%emt 0:00:02]} Kf7 {[%emt 0:00:02]} 54. Rh1 {[%emt 0:00:00]} Kg7 {[%emt 0:00:01]} 55. Rg1 {[%emt 0:00:01]} c3 {[%emt 0:00:03]} 56. Rg2 {[%emt 0:00:03]} Kf7 {[%emt 0:00:03]} 57. Rh2 {[%emt 0:00:01]} Kg8 {[%emt 0:00:02]} 58. Rg2 {[%emt 0:00:01]} Kg7 {[%emt 0:00:01]} 59. Rg1 {[%emt 0:00:01]} Nd6 {[%emt 0:00:02]} 60. Rb1 {[%emt 0:00:03]} Kf6 {[%emt 0:00:03]} 61. Ke2 {[%emt 0:00:01]} Rc5 {[%emt 0:00:02]} 62. Kd3 {[%emt 0:00:02]} g5 {[%emt 0:00:03]} 63. fxg5+ {[%emt 0:00:01]} Kg6 {[%emt 0:00:01]} 64. Rh1 {[%emt 0:00:03]} Ne4 {[%emt 0:00:03]} 65. Rh6+ {[%emt 0:00:01]} Kxg5 {[%emt 0:00:01]} 66. Rb6 {[%emt 0:00:02]} Kg4 {[%emt 0:00:04]} 67. Rxb5 {[%emt 0:00:03]} Rc8 {[%emt 0:00:01]} 68. Ne6 {[%emt 0:00:04]} Nf6 {[%emt 0:00:03]} 69. Rb4+ {[%emt 0:00:01]} Kg3 {[%emt 0:00:01]} 70. Rxa4 {[%emt 0:00:02]} Re8 {[%emt 0:00:02]} 71. Nd4 {[%emt 0:00:02]} f4 {[%emt 0:00:01]} 72. exf4 {[%emt 0:00:03]} Nd5 {[%emt 0:00:01]} 73. Ra5 {[%emt 0:00:03]} Nxf4+ {[%emt 0:00:02]} 74. Kxc3 {[%emt 0:00:01]} Re3+ {[%emt 0:00:01]} 75. Kc4 {[%emt 0:00:02]} Re4 {[%emt 0:00:01]} 76. c3 {[%emt 0:00:03]} Ne2 {[%emt 0:00:02]} 77. Kd3 {[%emt 0:00:01]} 1-0

[Event "RUS-ch Men Blitz 2019"]
[Site "Sochi"]
[Date "2019.10.17"]
[Round "2.27"]
[White "Sibriaev, Aleksandr"]
[Black "Papin, Vasily"]
[Result "0-1"]
[WhiteElo "2238"]
[BlackElo "2481"]
[Annotator "ChessBase"]
[PlyCount "94"]
[EventDate "2019.10.17"]
[EventType "swiss"]
[EventCountry "RUS"]
[SourceTitle "playchess.com"]
[Source "ChessBase"]
[SourceQuality "1"]
[TimeControl "180+2"]

1. Nc3 {[%emt 0:00:00]} c5 {[%emt 0:00:00]} 2. e4 {[%emt 0:00:02]} a6 {[%emt 0:00:00]} 3. a4 {[%emt 0:00:02]} e6 {[%emt 0:00:01]} 4. g3 {[%emt 0:00:07]} d5 {[%emt 0:00:11]} 5. Bg2 {[%emt 0:00:11]} Nf6 {[%emt 0:00:08]} 6. d3 {[%emt 0:00:04]} Nc6 {[%emt 0:00:18]} 7. Nge2 {[%emt 0:00:08]} d4 {[%emt 0:00:48]} 8. Nb1 {[%emt 0:00:01]} e5 {[%emt 0:00:15]} 9. O-O {[%emt 0:00:06]} Bd6 {[%emt 0:00:25]} 10. Nd2 {[%emt 0:00:11]} Rb8 {[%emt 0:00:01]} 11. Nc4 {[%emt 0:00:04]} Bc7 {[%emt 0:00:00]} 12. f4 {[%emt 0:00:06]} b5 {[%emt 0:00:12]} 13. Nxe5 {[%emt 0:00:03]} Nxe5 {[%emt 0:00:02]} 14. fxe5 {[%emt 0:00:01]} Bxe5 {[%emt 0:00:05]} 15. axb5 {[%emt 0:00:07]} axb5 {[%emt 0:00:01]} 16. Bf4 {[%emt 0:00:04]} Qe7 {[%emt 0:00:11]} 17. h3 {[%emt 0:00:15]} O-O {[%emt 0:00:02]} 18. Bxe5 {[%emt 0:00:05]} Qxe5 {[%emt 0:00:01]} 19. Nf4 {[%emt 0:00:09]} c4 {[%emt 0:00:17]} 20. Qf3 {[%emt 0:00:13]} Bb7 {[%emt 0:00:08]} 21. Ra5 {[%emt 0:00:10]} Qc7 22. Rfa1 {[%emt 0:00:02]} Qb6 {[%emt 0:00:09]} 23. Qf2 {[%emt 0:00:02]} Rfd8 {[%emt 0:00:09]} 24. Kh2 {[%emt 0:00:04]} Nd7 25. Nd5 {[%emt 0:00:01]} Bxd5 {[%emt 0:00:04]} 26. exd5 {[%emt 0:00:06]} Ne5 {[%emt 0:00:15]} 27. Qf5 {[%emt 0:00:03]} Re8 {[%emt 0:00:03]} 28. Ra6 Qc5 29. Be4 {[%emt 0:00:08]} g6 {[%emt 0:00:03]} 30. Qf2 cxd3 {[%emt 0:00:02]} 31. cxd3 {[%emt 0:00:24]} Rbc8 {[%emt 0:00:02]} 32. Rf1 {[%emt 0:00:13]} f5 33. Bxf5 gxf5 {[%emt 0:00:03]} 34. Qxf5 {[%emt 0:00:03]} Qc2+ 35. Rf2 Qxd3 {[%emt 0:00:02]} 36. Qg5+ {[%emt 0:00:09]} Ng6 {[%emt 0:00:00]} 37. h4 {[%emt 0:00:22]} Rc2 {[%emt 0:00:01]} 38. Rxc2 {[%emt 0:00:02]} Qxc2+ {[%emt 0:00:01]} 39. Kh3 {[%emt 0:00:01]} Qc8+ {[%emt 0:00:00]} 40. Re6 {[%emt 0:00:03]} Rxe6 {[%emt 0:00:01]} 41. dxe6 {[%emt 0:00:01]} Qxe6+ {[%emt 0:00:01]} 42. Kh2 {[%emt 0:00:02]} Qe2+ {[%emt 0:00:07]} 43. Kh3 {[%emt 0:00:01]} Qe6+ {[%emt 0:00:02]} 44. Kh2 {[%emt 0:00:01]} Qe5 {[%emt 0:00:01]} 45. Qd8+ {[%emt 0:00:07]} Kg7 {[%emt 0:00:00]} 46. Qd7+ {[%emt 0:00:01]} Kh6 {[%emt 0:00:02]} 47. Qxb5 {[%emt 0:00:01]} Qxb5 {[%emt 0:00:01]} 0-1

[Event "RUS-ch Men Blitz 2019"]
[Site "Sochi"]
[Date "2019.10.20"]
[Round "2.28"]
[White "Belyakov, Bogdan"]
[Black "Nuristani, Iman"]
[Result "1-0"]
[WhiteElo "2495"]
[BlackElo "2224"]
[Annotator "ChessBase"]
[PlyCount "51"]
[EventDate "2019.10.17"]
[EventType "swiss"]
[EventCountry "RUS"]
[SourceTitle "playchess.com"]
[Source "ChessBase"]
[SourceQuality "1"]
[TimeControl "180+2"]

1. e4 {[%emt 0:00:00]} e6 {[%emt 0:00:00]} 2. d4 {[%emt 0:00:00]} d5 {[%emt 0:00:00]} 3. Nc3 {[%emt 0:00:02]} dxe4 {[%emt 0:00:00]} 4. Nxe4 {[%emt 0:00:01]} Bd7 {[%emt 0:00:00]} 5. Nf3 {[%emt 0:00:06]} Bc6 {[%emt 0:00:01]} 6. Bd3 {[%emt 0:00:05]} Nd7 {[%emt 0:00:01]} 7. O-O {[%emt 0:00:27]} Ngf6 {[%emt 0:00:01]} 8. Neg5 {[%emt 0:00:01]} Bd6 {[%emt 0:00:12]} 9. c4 {[%emt 0:00:10]} Bxf3 {[%emt 0:00:04]} 10. Qxf3 {[%emt 0:00:05]} c6 {[%emt 0:00:02]} 11. Re1 {[%emt 0:00:23]} O-O {[%emt 0:00:32]} 12. Ne4 {[%emt 0:00:10]} Nxe4 {[%emt 0:00:08]} 13. Rxe4 {[%emt 0:00:02]} g6 {[%emt 0:00:15]} 14. Bh6 {[%emt 0:00:13]} Re8 {[%emt 0:00:05]} 15. h4 {[%emt 0:00:07]} Qf6 {[%emt 0:00:07]} 16. Qe2 {[%emt 0:00:06]} Bf8 {[%emt 0:00:22]} 17. Bg5 {[%emt 0:00:03]} Qg7 {[%emt 0:00:00]} 18. h5 {[%emt 0:00:03]} Nf6 {[%emt 0:00:14]} 19. h6 {[%emt 0:00:06]} Qh8 {[%emt 0:00:04]} 20. Rf4 {[%emt 0:00:11]} Nh5 {[%emt 0:00:10]} 21. Rh4 {[%emt 0:00:01]} Be7 {[%emt 0:00:21]} 22. Rxh5 {[%emt 0:00:02]} gxh5 {[%emt 0:00:03]} 23. Be3 {[%emt 0:00:08]} Qf6 {[%emt 0:00:25]} 24. Qxh5 {[%emt 0:00:02]} Bf8 {[%emt 0:00:01]} 25. Qg4+ {[%emt 0:00:14]} Kh8 {[%emt 0:00:00]} 26. Bg5 {[%emt 0:00:01]} 1-0

[Event "RUS-ch Men Blitz 2019"]
[Site "Sochi"]
[Date "2019.10.17"]
[Round "2.28"]
[White "Potapov, Pavel"]
[Black "Gaydym, Michail"]
[Result "1/2-1/2"]
[WhiteElo "2489"]
[BlackElo "2337"]
[Annotator "TA"]
[PlyCount "110"]
[EventDate "2019.10.17"]
[EventType "swiss"]
[EventCountry "RUS"]
[SourceTitle "playchess.com"]
[Source "ChessBase"]
[SourceQuality "1"]

{[%evp 10,110,0,0,5,0,18,18,9,15,37,34,26,26,25,0,45,45,42,37,56,-30,-25,-25,-6,-9,0,0,0,-17,3,17,30,0,0,-12,0,0,0,-13,6,8,43,-15,0,0,0,0,0,0,31,0,0,0,0,0,0,0,0,0,0,0,0,0,0,0,0,0,0,0,0,0,0,0,0,0,0,0,0,0,0,0,0,0,0,0,0,0,0,0,0,0,0,0,0,0,0,0,0,0,0,0,0]} 1. e4 e5 2. Nf3 Nf6 3. Nxe5 d6 4. Nc4 Nxe4 5. Qe2 Qe7 6. d3 Nf6 {C42: Petroff Defence: 3 Nxe5 and unusual White 3rd moves} 7. Bg5 (7. Nc3 Qxe2+ 8. Bxe2 Be6 9. Nb5 Na6 10. Bf4 Kd7 11. O-O-O Ne8 12. d4 c6 13. Nc3 Nb4 14. Rhe1 {0-1 (47) Potapov,P (2516)-Nikcevic,N (2434) Skopje 2018}) 7... Be6 8. Nc3 Nc6 {[#] Threatens to win with ...Nd4.} 9. O-O-O O-O-O 10. d4 $1 {[%cal Rd4d5]} d5 11. Ne5 Qe8 $146 ({Predecessor:} 11... Na5 12. Qb5 Qb4 13. a3 Qxb5 14. Bxb5 {1-0 (45) Ljangov,P (2110)-Mechev,K Sofia 2010}) 12. Kb1 h6 (12... Bb4 {is interesting.} 13. Nxc6 Qxc6 14. Bxf6 gxf6 15. Qd3 Bxc3 16. Qxc3 Qxc3 17. bxc3 h5) 13. Bxf6 gxf6 14. Nxc6 Qxc6 15. Qb5 ({Better is} 15. Qf3 $14) 15... Qxb5 $11 16. Bxb5 Bb4 17. Ne2 Bd6 18. Bd3 Rhg8 19. g3 Bg4 20. Rde1 Rde8 21. c3 c6 22. Nc1 Bf3 23. Rhg1 h5 24. h4 Bg4 25. Kc2 f5 26. f4 (26. Ne2 $14) 26... Bh3 {Hoping for ...Rxe1.} 27. Rxe8+ Rxe8 28. Be2 Bg4 29. Kd2 Rg8 30. Bxg4 fxg4 $14 {[%mdl 4096] Endgame KRB-KRN. The position is equal.} 31. Re1 Kd7 32. Nd3 f6 33. b3 (33. Nc5+ {feels hotter.} Bxc5 34. dxc5 b6 35. cxb6 axb6 36. f5) 33... Re8 34. Rxe8 Kxe8 $11 {KB-KN} 35. Ne1 Ke7 36. Nc2 Ke6 37. Ne3 Bc7 38. Kd3 b5 39. a4 a6 40. Nc2 bxa4 41. bxa4 {next Nb4 is good for White.} Bd6 42. c4 dxc4+ 43. Kxc4 Be7 44. Ne3 Bd6 45. Kd3 Bc7 46. Ke4 Bd6 47. Nf5 Bf8 48. Ne3 $1 Ba3 49. Nc2 Bd6 50. Ne3 Bb4 51. Nf5 Kf7 (51... Be1 $5) 52. Kd3 Be1 53. Ke2 Bc3 (53... Kg6 $5 54. Ne7+ $8 Kf7 $11) 54. Ke3 Be1 55. Ke2 Bc3 {Accuracy: White = 67%, Black = 50%.} 1/2-1/2

[Event "RUS-ch Men Blitz 2019"]
[Site "Sochi"]
[Date "2019.10.17"]
[Round "2.29"]
[White "Gutenev, Alexander"]
[Black "Gogolev, Artem"]
[Result "1-0"]
[WhiteElo "2469"]
[BlackElo "2339"]
[Annotator "ChessBase"]
[PlyCount "49"]
[EventDate "2019.10.17"]
[EventType "swiss"]
[EventCountry "RUS"]
[SourceTitle "playchess.com"]
[Source "ChessBase"]
[SourceQuality "1"]
[TimeControl "180+2"]

1. e4 {[%emt 0:00:00]} e5 {[%emt 0:00:10]} 2. Nf3 {[%emt 0:00:00]} Nc6 {[%emt 0:00:01]} 3. Bb5 {[%emt 0:00:00]} Nf6 {[%emt 0:00:01]} 4. O-O {[%emt 0:00:04]} Nxe4 {[%emt 0:00:04]} 5. Re1 {[%emt 0:00:01]} Nd6 {[%emt 0:00:02]} 6. Nxe5 {[%emt 0:00:02]} Nxe5 {[%emt 0:00:04]} 7. Rxe5+ {[%emt 0:00:01]} Be7 {[%emt 0:00:02]} 8. Bf1 {[%emt 0:00:02]} O-O {[%emt 0:00:02]} 9. Nc3 {[%emt 0:00:03]} Bf6 {[%emt 0:00:09]} 10. Re1 {[%emt 0:00:01]} Re8 {[%emt 0:00:12]} 11. Nd5 {[%emt 0:00:12]} Rxe1 {[%emt 0:00:11]} 12. Qxe1 {[%emt 0:00:02]} b6 {[%emt 0:00:10]} 13. g3 {[%emt 0:00:19]} Bb7 {[%emt 0:00:01]} 14. Bg2 {[%emt 0:00:01]} Bxd5 {[%emt 0:00:21]} 15. Bxd5 {[%emt 0:00:02]} c6 {[%emt 0:00:01]} 16. Bf3 {[%emt 0:00:14]} Qc7 {[%emt 0:00:04]} 17. c3 {[%emt 0:00:09]} Re8 {[%emt 0:00:02]} 18. Qf1 {[%emt 0:00:16]} g6 {[%emt 0:00:47]} 19. d4 {[%emt 0:00:01]} c5 {[%emt 0:00:02]} 20. dxc5 {[%emt 0:00:11]} bxc5 {[%emt 0:00:08]} 21. Bf4 {[%emt 0:00:13]} Be5 {[%emt 0:00:08]} 22. Bxe5 {[%emt 0:00:01]} Rxe5 {[%emt 0:00:01]} 23. Rd1 {[%emt 0:00:02]} Ne8 {[%emt 0:00:36]} 24. Qd3 {[%emt 0:00:15]} d6 {[%emt 0:00:14]} 25. Kg2 {[%emt 0:00:03]} 1-0